00000000nam 2200000zi 4500
0019.947270
003CaOODSP
00520250303103444
006m     o  d f      
007cr |n|||||||||
008250122s1949    oncab   o    f000 0 eng d
040 |aCaOODSP|beng|erda|cCaOODSP
043 |an-cn-mb
0861 |aA52-262/1949E-PDF
0861 |zA51-77E-PDF
1001 |aLeslie, W. R., |eauthor.
24510|aDominion Experimental Station, Morden, Man. : |bprogress report, 1938-1946 / |cW. R. Leslie.
24636|aProgress report, Dominion Experimental Station, Morden, Man., 1938-1946
264 1|aOttawa, Canada : |bMinister of Agriculture, |c[1949]
300 |a1 online resource (87 pages) : |billustrations, map
336 |atext|btxt|2rdacontent
337 |acomputer|bc|2rdamedia
338 |aonline resource|bcr|2rdacarrier
500 |aDigitized edition from print [provided by Agriculture and Agri-Food Canada].
61025|aExperimental Station (Morden, Man.)
61025|aStation expérimentale (Morden, Man.)
650 0|aAgricultural experiment stations|zManitoba|zMorden.
650 6|aStations agronomiques|zManitoba|zMorden.
7102 |aExperimental Station (Morden, Man.), |eissuing body.
7101 |aCanada. |bExperimental Farms Service, |eissuing body.
85640|qPDF|s19.90 MB|uhttps://publications.gc.ca/collections/collection_2024/aac-aafc/A51-77-1938-eng.pdf
986 |a12919—10M—11:49